Анализ современного состояния и развития систем цифровой рентгенографии; Известия Томского политехнического университета [Известия ТПУ]; Неразрушающий контроль и диагностика

Detaylı Bibliyografya
Parent link:Томский политехнический университет. Известия Томского политехнического университета [Известия ТПУ]/ Томский политехнический университет (ТПУ).— .— Томск: Изд-во ТПУ, 1998-2015.— 1684-8519
Неразрушающий контроль и диагностика.— 2008.— [С. 47-55]
Yazar: Лебедев М. Б.
Diğer Yazarlar: Сидуленко О. А. Олег Анатольевич, Удод В. А. Виктор Анатольевич
Özet:Заглавие с титульного листа
Электронная версия печатной публикации
Dil:Rusça
Baskı/Yayın Bilgisi: 2008
Seri Bilgileri:Радиационные методы контроля и испытаний
Konular:
Online Erişim:http://www.lib.tpu.ru/fulltext/v/Bulletin_TPU/2008/v312/i2app/11.pdf
Materyal Türü: Elektronik Kitap Bölümü
KOHA link:https://koha.lib.tpu.ru/cgi-bin/koha/opac-detail.pl?biblionumber=172985

MARC

LEADER 00000naa2a2200000 4500
001 172985
005 20240611161610.0
035 |a (RuTPU)RU\TPU\book\187641 
035 |a RU\TPU\book\187637 
090 |a 172985 
100 |a 20091217d2008 k y0rusy50 ca 
101 0 |a rus 
102 |a RU 
135 |a drnn ---uucaa 
181 0 |a i  
182 0 |a b 
200 1 |a Анализ современного состояния и развития систем цифровой рентгенографии  |f М. Б. Лебедев, О. А. Сидуленко, В. А. Удод 
203 |a Текст  |c электронный 
215 |a 1 файл (10.4 Мб) 
225 1 |a Радиационные методы контроля и испытаний 
300 |a Заглавие с титульного листа 
300 |a Электронная версия печатной публикации 
320 |a [Библиогр.: с. 52-55 (62 назв.)] 
337 |a Adobe Reader 
461 1 |0 162495  |t Известия Томского политехнического университета [Известия ТПУ]  |f Томский политехнический университет (ТПУ)  |d 1998-2015  |9 162495  |a Томский политехнический университет  |c Томск  |n Изд-во ТПУ  |x 1684-8519 
463 1 |0 172956  |t Неразрушающий контроль и диагностика  |d 2008  |p 418 с.  |9 172956  |a Клименов, В. А. (российский ученый, специалист в области неразрушающего контроля ; 1951-)  |o Труды Международной научно-технической конференции, Томск 2008 г.  |v [С. 47-55] 
610 1 |a рентгенография 
610 1 |a цифровая рентгенография 
610 1 |a неразрушающий контроль 
610 1 |a радиационный контроль 
610 1 |a дефектоскопия 
610 1 |a промышленность 
610 1 |a изображение 
610 1 |a труды учёных ТПУ 
610 1 |a электронный ресурс 
700 1 |a Лебедев  |b М. Б. 
701 1 |a Сидуленко  |b О. А.  |c специалист в области неразрушающего контроля  |c профессор Томского политехнического университета, доктор технических наук  |f 1958-  |g Олег Анатольевич  |3 (RuTPU)RU\TPU\pers\27098 
701 1 |a Удод  |b В. А.  |c российский ученый, специалист в области математического моделирования  |c ведущий научный сотрудник Томского политехнического университета, доктор технических наук  |f 1959-  |g Виктор Анатольевич  |3 (RuTPU)RU\TPU\pers\27997 
801 1 |a RU  |b 63413507  |c 20090401  |g PSBO 
801 2 |a RU  |b 63413507  |c 20211118  |g RCR 
856 4 |u http://www.lib.tpu.ru/fulltext/v/Bulletin_TPU/2008/v312/i2app/11.pdf 
942 |c CF